000 004550000a22001930004500
999 _c47870
_d47870
001 666
003 CO-MdFUSB
005 20181001170754.0
008 181001b xxu||||| |||| 00| 0 eng d
020 _a0 7324 0030 9
040 _cCO-MdBIC
082 0 4 _a813C G54d
100 1 _aGodfrey, Jan
245 1 0 _aMe at the dentists / Jan Godfrey
260 _aOxford : A Little Lion
300 _a[ 24 p. ]
650 1 4 _aLiteratura Infantil
942 _cLGB